ព្រះមហាក្សត្រនិងអារក្សទឺក / (Record no. 4598)
[ view plain ]
| 000 -LEADER | |
|---|---|
| fixed length control field | 02553nam a22002657a 4500 |
| 001 - CONTROL NUMBER | |
| control field | 4598 |
| 003 - CONTROL NUMBER IDENTIFIER | |
| control field | FISKH |
| 005 - DATE AND TIME OF LATEST TRANSACTION | |
| control field | 20240917154652.0 |
| 008 - FIXED-LENGTH DATA ELEMENTS--GENERAL INFORMATION | |
| fixed length control field | 240917b cb ||||| |||| 00| 0 eng d |
| 040 ## - CATALOGING SOURCE | |
| Original cataloging agency | FISKH |
| Language of cataloging | Bilingual |
| Transcribing agency | FISKH |
| Modifying agency | FISKH |
| 050 ## - LIBRARY OF CONGRESS CALL NUMBER | |
| Classification number | PZ7 |
| 082 ## - DEWEY DECIMAL CLASSIFICATION NUMBER | |
| Classification number | 800 |
| 100 ## - MAIN ENTRY--PERSONAL NAME | |
| Personal name | Anonymous |
| Relator term | author |
| 245 ## - TITLE STATEMENT | |
| Title | ព្រះមហាក្សត្រនិងអារក្សទឺក / |
| Statement of responsibility, etc. | by Anonymous |
| 300 ## - PHYSICAL DESCRIPTION | |
| Extent | 16 pages : |
| Other physical details | color illustrations ; |
| Dimensions | 22 cm . |
| 505 ## - FORMATTED CONTENTS NOTE | |
| Formatted contents note | K <br/> |
| 520 ## - SUMMARY, ETC. | |
| Summary, etc. | កាលពីព្រេងនាយមានព្រះរាជាមួយអង្គនិងអគ្គមហេសីមានបុត្រាបីអង្គ ។ ព្រះមហេសីចង់អោយព្រះរាជាតែងតាំងបុត្រាពៅជាព្រះមហាក្សត្រ តែទ្រង់មិនព្រមតាមសំនើរមហេសី ។ ទ្រង់ក៏អោយបុត្រាទាំងបីភៀសព្រះកាយ ទៅរស់នៅក្នុងព្រៃរហូតដល់ទ្រង់សោយទីវង្គត់ទៀបត្រលប់មកវិញ ។នៅតាមផ្លូវមានស្រះទីកដែលស្តចទេពធីតាបានប្រគល់អោយអារក្សទីកជាអ្នកមើលថែ ។អារក្សទឹកបានសួរសំនួរទៅកាន់បុត្រាមានតែព្រះអង្គម្ចាស់តារាទេដែលឆ្លើយត្រូវ ហើយទ្រង់ក៏បានរស់នៅជុំគ្នានៅក្នុងព្រៃរហូតព្រះបិតាសោយទីវង្គត់ទើបត្រលប់មកព្រះនគរវិញដើម្បីសោយរាជ្យ ។ |
| 520 ## - SUMMARY, ETC. | |
| Summary, etc. | In ancient times, there was a king and his wife had three sons. The queen wanted the king to appoint her youngest son as king, but he refused. He sent his three sons to live in the forest until he died and then returned.<br/>Along the way, there is a pond that the goddess has given to the water sprite to take care of. Until his father died, he returned to the kingdom to reign. |
| 521 8# - TARGET AUDIENCE NOTE | |
| Target audience note | 510 <br/> |
| Source | Lexile estimate <br/> |
| 521 8# - TARGET AUDIENCE NOTE | |
| Target audience note | K <br/> |
| Source | Raz-Plus <br/> |
| 650 ## - SUBJECT ADDED ENTRY--TOPICAL TERM | |
| Topical term or geographic name entry element | អារក្សទឺក |
| Form subdivision | រឿងនិទានកុមារ |
| 650 ## - SUBJECT ADDED ENTRY--TOPICAL TERM | |
| Topical term or geographic name entry element | water sprite |
| Form subdivision | children's stories |
| 942 ## - ADDED ENTRY ELEMENTS (KOHA) | |
| Source of classification or shelving scheme | Dewey Decimal Classification |
| Koha item type | Khmer Books |
| Suppress in OPAC | No |
| Withdrawn status | Lost status | Source of classification or shelving scheme | Damaged status | Not for loan | Collection | Home library | Current library | Shelving location | Date acquired | Total Checkouts | Full call number | Barcode | Date last seen | Copy number | Price effective from | Koha item type |
|---|---|---|---|---|---|---|---|---|---|---|---|---|---|---|---|---|
| Dewey Decimal Classification | Khmer Language Books / សៀវភៅភាសាខ្មែរ | Footprints International School Library Network Toul Kork Campus | Footprints International School Library Network Toul Kork Campus | TTP Primary Khmer Bookshelves | 09/17/2024 | ANO PZ7 800 | FIS03780 | 09/17/2024 | 1 | 09/17/2024 | Khmer Books | |||||
| Dewey Decimal Classification | Khmer-English Bilingual / ភាសាខ្មែរ-អង់គ្លេស | Footprints International School Library Network Toul Kork Campus | Footprints International School Library Network Toul Kork Campus | TTP Primary Khmer Bookshelves | 09/17/2024 | ANO PZ7 800 | FIS03788 | 09/17/2024 | 2 | 09/17/2024 | Khmer Books | |||||
| Dewey Decimal Classification | Khmer-English Bilingual / ភាសាខ្មែរ-អង់គ្លេស | Footprints International School Library Network Toul Kork Campus | Footprints International School Library Network Toul Kork Campus | TK Old Khmer Books (Rear Hallway Shelf 3) | 09/08/2025 | ANO PZ7 800 | FISTK04618 | 09/08/2025 | 3 | 09/08/2025 | Khmer Books |
